Extension Of The Periods For Consent To And Payment Of Quota Increases.

Extension Of The Periods For Consent To And Payment Of Quota Increases.

מידע ביבליוגרפי
מחבר תאגידי: International Monetary Fund. Finance Dept
פורמט: כתב-עת
שפה:English
יצא לאור: Washington, D.C. : International Monetary Fund, 2021.
סדרה:Policy Papers; Policy Paper ; No. 2021/046
נושאים:
גישה מקוונת:Full text available on IMF
LEADER 01230cas a2200277 a 4500
001 AALejournalIMF021865
008 230101c9999 xx r poo 0 0eng d
020 |c 5.00 USD 
020 |z 9781513587639 
022 |a 2663-3493 
040 |a BD-DhAAL  |c BD-DhAAL 
110 2 |a International Monetary Fund.  |b Finance Dept. 
245 1 0 |a Extension Of The Periods For Consent To And Payment Of Quota Increases. 
264 1 |a Washington, D.C. :  |b International Monetary Fund,  |c 2021. 
300 |a 1 online resource (4 pages) 
490 1 |a Policy Papers 
500 |a <strong>Off-Campus Access:</strong> No User ID or Password Required 
500 |a <strong>On-Campus Access:</strong> No User ID or Password Required 
506 |a Electronic access restricted to authorized BRAC University faculty, staff and students 
520 3 |a Extension Of The Periods For Consent To And Payment Of Quota Increases. 
538 |a Mode of access: Internet 
650 7 |a Health Behavior  |2 imf 
650 7 |a Monetary Policy  |2 imf 
650 7 |a Political Economy  |2 imf 
830 0 |a Policy Papers; Policy Paper ;  |v No. 2021/046 
856 4 0 |z Full text available on IMF  |u http://elibrary.imf.org/view/journals/007/2021/046/007.2021.issue-046-en.xml  |z IMF e-Library